Analysis of the Relationship Between Economic Value Added and Market Value Added

Ekonomická pridaná hodnota ako jeden z najdôležitejších moderných ukazovateľov výkonnosti. Tradičné a moderné ukazovatele. Ekonomická pridaná hodnota (EVA) a trhová pridaná hodnota (MVA). Prípadová štúdia, ktorá analyzuje využitie EVA vo vybraných slovenských spoločnostiach v období rokov 2010-2015....

Descripción completa

Guardado en:
Detalles Bibliográficos
Autor principal: Jančovičová Bognárová, Kristína, 1979-
Formato: Capítulo de libro
Lenguaje:inglés
Materias:
Etiquetas: Agregar Etiqueta
Sin Etiquetas, Sea el primero en etiquetar este registro!

MARC

LEADER 00000naa$a2200000$$$4500
001 0248870
005 20240502083708.1
041 0 |a eng 
044 |a RO 
245 1 0 |a Analysis of the Relationship Between Economic Value Added and Market Value Added  |c Kristína Jančovičová Bognárová 
520 |a Ekonomická pridaná hodnota ako jeden z najdôležitejších moderných ukazovateľov výkonnosti. Tradičné a moderné ukazovatele. Ekonomická pridaná hodnota (EVA) a trhová pridaná hodnota (MVA). Prípadová štúdia, ktorá analyzuje využitie EVA vo vybraných slovenských spoločnostiach v období rokov 2010-2015. Analýza výkonnosti MVA a vzťahu medzi EVA a MVA. 
610 2 0 |a hodnota pridaná 
610 2 0 |a hodnota pridaná ekonomická 
610 2 0 |a trh 
610 2 0 |a podnik 
610 2 0 |a výkonnosť 
610 2 0 |a výkonnosť podniku 
610 2 0 |a meranie výkonnosti 
610 2 0 |a ukazovatele 
610 2 0 |a Slovensko 
100 1 |a Jančovičová Bognárová, Kristína, 1979-